Random famous people by picture #7 - Statistics

General Stats
  • This quiz has been taken 51 times
  • The average score is 9 of 16
Answer Stats
Picture Answer % Correct
Leonardo DiCaprio
98%
Pink
91%
Selena Gomez
87%
Angela Merkel
84%
Harry Styles
82%
Paris Hilton
82%
Salvador Dali
78%
Margaret Thatcher
76%
Al Capone
62%
Charles Dickens
56%
Helen Keller
16%
Paul Stanley
16%
Voltaire
16%
Hannibal
11%
Nostradamus
4%
Hernan Cortez
0%
No matching quizzes found
Score Distribution
Percent of People with Each Score
Percentile by Number Answered
Your Score History
You have not taken this quiz